logo

Bir Sreshtho Munshi Abdur Rouf Library
Jhenaidah Cadet College

Living history / (Record no. 9942)

MARC details
000 -LEADER
fixed length control field 01156nam a2200337 a 4500
001 - CONTROL NUMBER
JCCL Control Number 9942
003 - CONTROL NUMBER IDENTIFIER
JCCL marc code BD - JhCC
005 - DATE AND TIME OF LATEST TRANSACTION
control field 20180403183732.0
008 - FIXED-LENGTH DATA ELEMENTS--GENERAL INFORMATION
fixed length control field 180403s2003 enkaco 001 0aeng
020 ## - INTERNATIONAL STANDARD BOOK NUMBER
International Standard Book Number 0747255156
035 ## - SYSTEM CONTROL NUMBER
system control number (UkLCURL)b50747255156
-- (BD - JhCC)9942
040 ## - CATALOGING SOURCE
Original cataloging agency BDS
Modifying agency BLCMP:GW
-- BD - JhCC
041 ## - LANGUAGE CODE
Language code of Book eng
082 14 - DEWEY DECIMAL CLASSIFICATION NUMBER
Classification number 973.929092
DDC Edition number 21
Author mark and Year CLI 2003
100 1# - MAIN ENTRY--PERSONAL NAME
Personal name Clinton, Hillary Rodham.
245 10 - TITLE STATEMENT
Title Living history /
Statement of responsibility, etc Hillary Rodham Clinton.
260 ## - PUBLICATION, DISTRIBUTION, ETC. (IMPRINT)
Place of publication, distribution, etc London :
Name of publisher, distributor, etc Headline,
Date of publication, distribution, etc 2003.
300 ## - PHYSICAL DESCRIPTION
Pagination xi, 562 p., [32] p of plates :
Other physical details ill., ports. ;
Dimensions 24 cm.
500 ## - GENERAL NOTE
General note First published in 2003 by Simon & Schuster Inc.
504 ## - BIBLIOGRAPHY, ETC. NOTE
Bibliography, etc Includes index.
600 10 - SUBJECT ADDED ENTRY--PERSONAL NAME
Personal name Clinton, Hillary Rodham.
600 10 - SUBJECT ADDED ENTRY--PERSONAL NAME
Personal name Clinton, Bill,
Dates associated with a name 1946-
610 10 - SUBJECT ADDED ENTRY--CORPORATE NAME
Corporate name or jurisdiction name as entry element United States.
Subordinate unit Congress.
-- Senate
650 #0 - SUBJECT ADDED ENTRY--TOPICAL TERM
Topical term or geographic name as entry element Presidents' spouses
Geographic subdivision United States
Form subdivision Biography.
650 #0 - SUBJECT ADDED ENTRY--TOPICAL TERM
Topical term or geographic name as entry element Women legislators
Geographic subdivision United States
Form subdivision Biography.
650 #0 - SUBJECT ADDED ENTRY--TOPICAL TERM
Topical term or geographic name as entry element Legislators
Geographic subdivision United States
Form subdivision Biography.
651 #0 - SUBJECT ADDED ENTRY--GEOGRAPHIC NAME
Geographic name United States
General subdivision Politics and government
Chronological subdivision 1993-2001.
651 #0 - SUBJECT ADDED ENTRY--GEOGRAPHIC NAME
Geographic name United States
General subdivision Politics and government
Chronological subdivision 2001-2009
942 ## - ADDED ENTRY ELEMENTS (KOHA)
Source of classification or shelving scheme Dewey Decimal Classification
Koha item type Reference
Holdings
Source of classification or shelving scheme Damaged status Not for loan Home library Current library Shelving location Date of accession Total Checkouts Full call number Barcode Date last seen Copy number Koha item type
Dewey Decimal Classification     JCC Rouf Library JCC Rouf Library General Stacks 04/03/2018   973.929092 CLI 2003 13343 04/03/2018 C-1 Reference

JCC Library | Contacts | JCC Home

Last Update on 23 September 2017
Copyright @ 2017-2020 JCC Rouf Library
Rouf Library, Jhenidah Cadet College (JCC), Bangladesh